| 000 | 004670000a22001330004500 | ||
|---|---|---|---|
| 008 | 230817t ||||| |||| 00| 0 eng d | ||
| 082 |
_a305.49 _bWOM |
||
| 110 | _aWomen living under Muslim laws | ||
| 245 | _aWomen's situation in Afghanistan: compilation = La situation des femmes en Afghanistan: compilation | ||
| 260 |
_aGrables: _bWomen living under Muslim laws, _c1998 |
||
| 300 |
_aviii., 232 p. _bBibliography included |
||
| 650 | _aWOMEN-Afghanistan | ||
| 942 | _cRP | ||
| 999 |
_c1314 _d1314 |
||